Escola Superior d'Agricultura de Barcelona
Descripción Física:
1 carpeta amb 5 fulletons ; 31 cm
MARC
| LEADER | 00000nam a2200000Ia 4500 | ||
|---|---|---|---|
| 001 | 14878 | ||
| 008 | 160829s9999 xx 000 0 cat d | ||
| 080 | |a FU-31-1 | ||
| 110 | 2 | |a Escola Superior d'Agricultura de Barcelona |9 70055 | |
| 245 | |a Escola Superior d'Agricultura de Barcelona | ||
| 260 | |a [Barcelona] : |b l'Escola : |b Diputació de Barcelona, [197 - ?] | ||
| 300 | |a 1 carpeta amb 5 fulletons ; |c 31 cm | ||
| 610 | 0 | |a Escola Superior d'Agricultura de Barcelona |x Currículums |9 70057 | |
| 710 | 1 | |a Barcelona (Catalunya : Província). |b Diputació |9 52408 | |
| 901 | |a Arxiu | ||
| 942 | |n 1 | ||
| 952 | |0 0 |1 0 |4 0 |6 FU311 |7 1 |9 48634 |a Arxiu |b Arxiu |d 2016-12-01 |l 0 |o FU-31-1 |p 14878 |r 2016-12-01 00:00:00 |w 2016-12-01 |y ARXIU | ||
| 999 | |c 52464 |d 52464 | ||